000 00599nas a2200169 a 4500
008 100803c20109999||||||||||||||||| || u
050 _aUNCTAD(08)
110 _aUnited Nations Conference on Trade and Development (UNCTAD)
245 1 0 _aRenewable energy technologies for rural development
260 _aNew York
_bUnited Nations Conference on Trade and Development (UNCTAD)
_c2010
300 _av, 35p. ;ill.
350 _a0.00
490 _aCurrent Studies on Science, Technology and Innovation
500 _aIssue 1
650 _aENERGY
650 _aRENEWABLE ENERGY SOURCES--RURAL DEVELOPMENT
999 _c56063
_d56063